Tally Hall Tie Colors - Statistics

General Stats
  • This quiz has been taken 59 times
  • The average score is 10 of 14
Answer Stats
Member Tie color % Correct
Zubin Sedghi Blue
100%
Andrew Horowitz Green
100%
Joe Hawley Red
100%
Rob Cantor Yellow
100%
Ross Federman Gray
97%
Bora Karaca Orange
97%
The Fanbase Purple
83%
Casey Shea Black
72%
Matthew Altruda Pink
67%
Steve Gallagher Gray
64%
Ryan Scott Black
42%
Coz Baldwin Indigo
33%
Dave Brown
28%
Bruno Evans Pink
22%
No matching quizzes found
Score Distribution
Percent of People with Each Score
Percentile by Number Answered
Your Score History
You have not taken this quiz